Christianity and Islam: Beliefs and Practices (Record no. 22699)

MARC details
000 -LEADER
fixed length control field 00363nam a22001337a 4500
020 ## - INTERNATIONAL STANDARD BOOK NUMBER
ISBN 9789389965810
082 ## - DEWEY DECIMAL CLASSIFICATION NUMBER
Classification number 291.172 AHM c1
100 ## - MAIN ENTRY--AUTHOR NAME
Author name Ahmed, Md. Mohiuddin
245 ## - TITLE STATEMENT
Title Christianity and Islam: Beliefs and Practices
260 ## - PUBLICATION, DISTRIBUTION, ETC. (IMPRINT)
Place of publication New Delhi
Name of publisher Institute of Objective Studies
Year of publication 2019
300 ## - PHYSICAL DESCRIPTION
Number of Pages 573
650 ## - SUBJECT ADDED ENTRY--TOPICAL TERM
Topical Term Christian-Muslim Relations
942 ## - ADDED ENTRY ELEMENTS (KOHA)
Koha item type Books
Holdings
Home library Current library Shelving location Date acquired Source of acquisition Cost, normal purchase price Full call number Accession Number Koha item type
Henry Martyn Institute Library Henry Martyn Institute Library General stacks 07/24/2019 Director 995.00 291.172 AHM c1 11004056 Books
Henry Martyn Institute Library Henry Martyn Institute Library General stacks 07/24/2019 director 995.00 291.172 AHM c2 11004079 Books
                   Copyright © 2026 | Henry Martyn Institute | Hyderabad | TS-500052 | INDIA | Implemented by hmi.edu.in
Hit-Count:

Powered by Koha